000 00560nam a2200217Ia 4500
003 0100
008 130303s9999 xx 000 0 und d
020 _a0812690125
040 _cARRUPELIB
050 _aB945.Q54P48 1986
245 4 _aThe philosophy of W. V. Quine
260 _aIllinois
260 _bLa Salle
260 _C1986
300 _axvi
300 _b 705p. 23cm.
440 _aThe library of living philosophers
650 _bFrance-- Revolution -- Drama
700 _aHahn, Lewis Edwin; Schilpp, Paul Arthur eds.
942 _2lcc
_02
999 _c57902
_d57902